| 000 | 00738cam a22002292 4500 | ||
|---|---|---|---|
| 001 | 0000009148 | ||
| 005 | 20151217155217.0 | ||
| 008 | 080907s xx 000 0 eng d | ||
| 020 |
_a0071255850 : _cKES 1750 |
||
| 040 |
_aKABU _cKABU |
||
| 100 | 1 |
_aField, Barry C. _@0000150121 |
|
| 245 | 1 | 0 |
_aEnvironmental economics : _ban introduction / _cBarry C. Field, Martha K. Field. |
| 250 | _a4th ed. | ||
| 260 |
_aBoston : _bMcGraw-Hill, _c2006. |
||
| 300 | _axxi, 503 p. | ||
| 650 | 0 |
_aEnvironmental economics. _@0000150102 |
|
| 650 | 0 |
_aEconomic development _xEnvironmental aspects. _@0000150122 |
|
| 700 | 1 |
_aField, Martha K. _@0000160215 |
|
| 908 | _a080907 | ||
| 950 | _@1 | ||
| 999 |
_c12016 _d12016 |
||